Statistics for Where is the Capital on the Country Map? - Multiple Choice #2

Click here to take the quiz!

General Stats

  • This quiz has been taken 46 times
    (40 since last reset)
  • The average score is 10 of 15

Answer Stats

QuestionAnswer% Correct
Where is the capital of Italy?
88%
Where is the capital of the Philippines?
88%
Where is the capital of Portugal?
88%
Where is the capital of Nigeria?
76%
Where is the capital of the Netherlands?
76%
Where is the capital of Iran?
74%
Where is the capital of Austria?
74%
Where is the capital of Ukraine?
71%
Where is the capital of Peru?
62%
Where is the capital of Tanzania?
62%
Where is the capital of Indonesia?
59%
Where is the capital of New Zealand?
56%
Where is the capital of Malaysia?
56%
Where is the capital of Saudi Arabia?
53%
Where is the capital of Colombia?
35%

Score Distribution

Percentile by Number Answered

Percent of People with Each Score

Your Score History

You have not taken this quiz since the last reset